000 00424nam a2200133 a 4500
001 000039365
005 20201002031621.0
008 130625s1984 dr 000 0 spa d
040 _aDO-SdBNP
_bspa
_cNPHU
100 1 _aDaniel, Royal
_965567
245 1 0 _aManual de exportación a los Estados Unidos.
260 _aSanto Domingo :
_bCámara Americana de Comercio de la República Dominicana,
_c1984.
300 _a81 p. ;
_c22 cm.
999 _c38855
_d38855